Los Titeres en Cataluña / por Josep Iglésias del Marquet
Publicado:
San Jorge, núm. 95 (juny 1975), pàg 51 - 55 :
MARC
| LEADER | 00000nam a2200000Ia 4500 | ||
|---|---|---|---|
| 001 | |||
| 008 | 160829s9999 xx 000 0 cat d | ||
| 100 | 1 | |a Iglesias del Marquet, Josep |d 1932-1989 |9 41695 | |
| 245 | |a Los Titeres en Cataluña / por Josep Iglésias del Marquet | ||
| 260 | |a San Jorge, núm. 95 (juny 1975), pàg 51 - 55 | ||
| 650 | |a Titelles |x Catalunya |x Història |9 41791 | ||
| 650 | |a Titelles i teatre de titelles |x Folklore |9 33647 | ||
| 901 | |a Arxiu | ||
| 942 | |n 1 | ||
| 952 | |0 0 |1 0 |4 0 |7 1 |9 50478 |a Arxiu |b Arxiu |d 2016-12-01 |l 0 |r 2016-12-01 00:00:00 |w 2016-12-01 |y ARXIU | ||
| 999 | |c 54320 |d 54320 | ||